Nature's artist : (Record no. 27054)

000 -LEADER
fixed length control field 01324cam a2200337 a 4500
001 - CONTROL NUMBER
control field 13536017
003 - CONTROL NUMBER IDENTIFIER
control field OSt
005 - DATE AND TIME OF LATEST TRANSACTION
control field 20170207111156.0
008 - FIXED-LENGTH DATA ELEMENTS--GENERAL INFORMATION
fixed length control field 040325s2003 gw a b 001 0 eng d
010 ## - LIBRARY OF CONGRESS CONTROL NUMBER
LC control number 2004297920
020 ## - INTERNATIONAL STANDARD BOOK NUMBER
International Standard Book Number 3791328670 (alk. paper)
035 ## - SYSTEM CONTROL NUMBER
System control number (OCoLC)ocm52986314
040 ## - CATALOGING SOURCE
Original cataloging agency CtWfDGI
Transcribing agency OLINC
Modifying agency OCLCQ
-- DLC
041 1# - LANGUAGE CODE
Language code of text/sound track or separate title eng
Language code of original ger
042 ## - AUTHENTICATION CODE
Authentication code lccopycat
050 00 - LIBRARY OF CONGRESS CALL NUMBER
Classification number N6888.D8S2413 2003
082 00 - DEWEY DECIMAL CLASSIFICATION NUMBER
Classification number 760/.092
Edition number 22
100 1# - MAIN ENTRY--PERSONAL NAME
Personal name Salley, Victoria.
Dates associated with a name 2003-
240 10 - UNIFORM TITLE
Uniform title <a href="Albrecht Dürer, Kunststück Natur.">Albrecht Dürer, Kunststück Natur.</a>
Language of a work English
245 10 - TITLE STATEMENT
Title Nature's artist :
Remainder of title plants and animals by Albrecht Dürer /
Statement of responsibility, etc. with an introductory essay by Victoria Salley.
260 ## - PUBLICATION, DISTRIBUTION, ETC. (IMPRINT)
Place of publication, distribution, etc. Munich ;
-- New York :
Name of publisher, distributor, etc. Prestel,
Date of publication, distribution, etc. 2003.
300 ## - PHYSICAL DESCRIPTION
Extent 95, [1] p. :
Other physical details ill. (some col.) ;
Dimensions 29 cm.
500 ## - GENERAL NOTE
General note Includes bibliographical references (p. [96]) and index.
600 10 - SUBJECT ADDED ENTRY--PERSONAL NAME
Personal name Dürer, Albrecht,
Dates associated with a name 1471-1528
General subdivision Criticism and interpretation.
650 #0 - SUBJECT ADDED ENTRY--TOPICAL TERM
Topical term or geographic name as entry element Animals in art.
650 #0 - SUBJECT ADDED ENTRY--TOPICAL TERM
Topical term or geographic name as entry element Birds in art.
650 #0 - SUBJECT ADDED ENTRY--TOPICAL TERM
Topical term or geographic name as entry element Plants in art.
700 1# - ADDED ENTRY--PERSONAL NAME
Personal name Dürer, Albrecht,
Dates associated with a name 1471-1528.
906 ## - LOCAL DATA ELEMENT F, LDF (RLIN)
a 7
b cbc
c copycat
d 2
e ncip
f 20
g y-gencatlg
942 ## - ADDED ENTRY ELEMENTS (KOHA)
Source of classification or shelving scheme
Koha item type Hard Covered Materials
Classification part N6888.D8S2413 2003
Call number prefix 34480
Holdings
Withdrawn status Lost status Source of classification or shelving scheme Damaged status Not for loan Home library Current library Shelving location Date acquired Source of acquisition Total Checkouts Full call number Barcode Date last seen Price effective from Koha item type
          MACHAKOS UNIVERSITY LIBRARY MACHAKOS UNIVERSITY LIBRARY Technical section 07/02/2017 Donation(BFA)   N6888.D8S2413 2003 34480 10/07/2018 07/02/2017 Hard Covered Materials
© Machakos University Library, Along The Highway, Machakos Wote Rd, Machakos, Kenya P.O. Box 136 - 90100 Machakos - Kenya

Tel: ( +254 ) 723 805829 OR Fax : 044-20353 OR Email: library@mksu.ac.ke